Responses for Show #2123 - Wednesday, November 24, 1993

1993 Tournament of Champions semifinal game 3.

Contestants

[<< previous game]

Bev Schwartzberg, a teacher originally from Amherst, Massachusetts

Jack Mahoney, an actor from Jersey City, New Jersey

Walt Senterfitt, a registered nurse and Ph.D. candidate from Los Angeles, California

[next game >>]

Jeopardy! Round responses

FIRST LADIES
CHAMPIONS
COOKING
THE NEW TESTAMENT
ORGANIZATIONS
HUMOROUS QUOTES
    $100 6
Abigail Adams

Jack
    $100 19
Surfing

Walt
    $100 1
Banana

Walt
    $100 26
Paul

Bev
    $100 11
(Alex: Scouting, USA now.)

Boy Scouts

Walt
    $100 7
A worm

Jack
    $200 12
(J: What is a telephone?)

Electricity

JackBev
    $200 24
Spark plugs

Walt
    $200 2
Rind

Walt
    $200 27
John the Baptist

Walt
    $200 16
American Heart Association

Jack
    $200 8
Teach

Jack
    $300 13
Lady Bird Johnson

Bev
    $300 23
(W: Who is Evander Holyfield?)

Mike Tyson

WaltJack
    $300 3
Sun-drying

Bev
    $300 28
Angels

Jack
    $300 20
The Salvation Army

Walt
    $300 9
English

Bev
    $400 14
Sheep

Bev
    $400 18
Susan B. Anthony

Bev
    $400 4
Cloves

Bev
    $400 29
(W: What is stone?)

Blood

Walt
Triple Stumper
    $400 21
ACLU (American Civil Liberties Union)

Jack
    $400 10
Margaret Thatcher

Walt
    $500 15
Lou Henry Hoover

Bev
    $500 22
Chess

Jack
    $500 5
Knife

Triple Stumper
    $500 30
Alpha & Omega

Bev
    $1,000 25
League of Women Voters

Walt
    $500 17
Calvin Coolidge

Jack

Scores at the first commercial break (after clue 15):

Walt Jack Bev
$800 $200 $2,400

Scores at the end of the Jeopardy! Round:

Walt Jack Bev
$1,900 $2,400 $3,400

Double Jeopardy! Round responses

GEOGRAPHY
ECONOMICS
BIOLOGY
THE ORIGINAL BROADWAY CAST
(Alex: We will give you the names of some members; you have to identify the show)
WORLD LITERATURE
THE "I"'s HAVE IT
    $200 1
Ice

Jack
    $200 24
Income

Jack
    $200 7
Epidermis

Jack
    $200 14
The Music Man

Walt
    $200 27
Gulliver's Travels

Bev
    $200 16
Invention

Jack
    $400 3
(J: no response)

Pyrenees

JackBev
    $400 25
Federal Reserve

Jack
    $400 11
Glow in the dark

Bev
    $400 10
The Odd Couple

Bev
    $400 28
Grendel

Jack
    $400 19
Ivy

Jack
    $600 4
(W: What is Mombasa?)

Bombay

WaltJack
    $600 26
Trade wars

Bev
    $1,000 12
Kidneys

Bev
    $600 9
A Chorus Line

Jack
    $600 17
The Hunchback of Notre Dame

Jack
    $600 21
INS (Immigration & Naturalization Service)

Bev
    $800 2
(J: What is British Guiana?)

Guyana

JackBev
    $800 29
Inventory

Bev
    $800 13
Cilia

Jack
    $800 6
Applause

Walt
    $800 18
The Faerie Queene

Walt
    $800 22
(J: What is Illinois?)
(W: What is Iowa?)

Indiana

WaltJack
Triple Stumper
    $1000 5
British Columbia

Jack
    $1000 30
Adam Smith

Walt
    $1000 15
Gametes

Walt
    $1000 8
Follies

Triple Stumper
    $3,000 20
The Prince

Jack
    $1000 23
Innocent

Jack

Scores at the end of the Double Jeopardy! Round:

Walt Jack Bev
$4,300 $10,000 $8,600

[wagering suggestions for these scores]

Final Jeopardy! Round responses

NONFICTION
WaltWho is Donald Trump?
$4,300
BevWho is Iacocca?
$1,401
JackWho is Reagan?
$7,300
Lee Iacocca

Final scores:

Walt Jack Bev
$0 $2,700 $10,001
3rd place: $5,000 2nd place: $5,000 Finalist

Game dynamics:

Coryat scores:

Walt Jack Bev
$3,800 $8,000 $8,200
14 R
(including 1 DD),
4 W
23 R
(including 1 DD),
4 W
19 R
(including 1 DD),
0 W

Combined Coryat: $20,000

[game clues] [game scores] [suggest correction]

Game tape date: 1993-10-12
The J! Archive is created by fans, for fans. Scraping, republication, monetization, and malicious use prohibited; this site may use cookies and collect identifying information. See terms. The Jeopardy! game show and all elements thereof, including but not limited to copyright and trademark thereto, are the property of Jeopardy Productions, Inc. and are protected under law. This website is not affiliated with, sponsored by, or operated by Jeopardy Productions, Inc. Join the discussion at JBoard.tv.